LEADER 00769cam0 2200241 450 001 E600200031078 005 20210428084411.0 100 $a20071031d1970 |||||ita|0103 ba 101 $aita 102 $aIT 200 1 $aIstituzioni di scienza delle finanze$fCesare Cosciani 210 $aTorino$cUtet$d1970 215 $aXV, 123 p.$d24 cm 700 1$aCosciani$b, Cesare$3A600200044413$4070$0437433 801 0$aIT$bUNISOB$c20210428$gRICA 850 $aUNISOB 852 $aUNISOB$j330$m123318 912 $aE600200031078 940 $aM 102 Monografia moderna SBN 941 $aM 957 $a330$b001643$gSi$d123318$rdono$1pomicino$2UNISOB$3UNISOB$420071031091450.0$520210428084400.0$6Alfano 996 $aIstituzioni di scienza delle finanze$947924 997 $aUNISOB